000 00592cam a22002291 4500
001 sa 68003106
003 DLC
005 20260227112449.0
008 891011s1967 ii b 000 0 hino
010 _asa 68003106
035 _a(OCoLC)20477294
040 _aDLC
_cWaU
_dDLC
042 _apremarc
050 0 0 _aPK2095.N3
_bZ9
100 1 _aUpreti, Bhawani Datt,
_d1935-
245 0 0 _aNandadāsa:
_bjīvanī aura kāvya.
260 _c[1967]
300 _a4, 19, 300 p.
_c23 cm.
500 _aIn Hindi.
504 _aBibliography: p. [284]-288.
600 0 0 _aNandadāsa,
_dactive 1568.
999 _c79239
_d79239